Statistics for Remote Island by Settlement

Click here to take the quiz!

General Stats

  • This quiz has been taken 21 times
  • The average score is 5 of 11

Answer Stats

SettlementIsland% Correct
LongyearbyenSvalbard
75%
Hanga RoaEaster Island
70%
AdamstownPitcairn Island
70%
Edinburgh of the Seven SeasTristan da Cunha
65%
Flying Fish CoveChristmas Island
55%
Ponta DelgadaAzores
40%
Puerto AyoraGalapagos Islands
30%
Port-aux-FrancaisKerguelen Island
20%
UlukhaktokVictoria Island
20%
Old HarborKodiak Island
5%
Port MathurinRodrigues Island
0%

Score Distribution

Percentile by Number Answered

Percent of People with Each Score

Your Score History

You have not taken this quiz